Texto de apoyo de Psicología

שמור ב:
מידע ביבליוגרפי
מחבר ראשי: Araya, María Eugenia (Author)
פורמט: ספר
שפה:ספרדית
יצא לאור: Viña del Mar Altazor 1985
נושאים:
תגים: הוספת תג
אין תגיות, היה/י הראשונ/ה לתייג את הרשומה!

MARC

LEADER 00000nam a2200000 a 4500
001 UCH6448
003 CL-VaPUC
008 091109e19850000CL |||||||||||||||||spa|d
082 0 4 |a 150  |b ARA  |2 21 
100 0 |a Araya, María Eugenia  |e author  |9 542980 
245 1 0 |a Texto de apoyo de Psicología 
300 |a 104 p 
942 |c BK 
945 |d 20091109 00:00:00  |a ccalabra 
260 |a Viña del Mar  |b Altazor  |c 1985 
650 0 |a Psicología   |9 257863 
650 0 |a Educación  |9 258661 
650 7 |a PSICOLOGIA EXPERIMENTAL  |2 CL-VaPUC  |9 309015 
650 0 |a Inteligencia  |9 267038 
650 0 |a Personalidad   |9 307255 
650 0 |a Afectividad  |9 334265 
650 0 |a Memoria  |9 266549 
583 |a last modification  |c 20091109 00:00:00  |k Rodrigo Vera 
999 |c 337331  |d 337329